Dyskografia Białasa (dla Ignacego) - Statystyki

Ogólne statystyki
  • Ten quiz został rozwiązany 248 razy
  • Średni wynik to 8 z 28
Statystyki odpowiedzi
Wykonawca & Rok Płyta % Poprawnych
Białas (2016) H8M4
86%
Białas & Lanek (2017) POLON
86%
Białas & Lanek (2018) Hyper2000
66%
Solar/Białas (2016) #nowanormalnosc
62%
Białas & Lanek (2017) In Hajs We Trust
61%
Białas & Lanek (2018) In Hajs We Trust 2
54%
Białas (2015) Rehab
54%
Białas x Quebonafide (2015) Demówka EP
38%
Solar/Białas (2013) Stage Diving
35%
Białas & Lanek (2017) prePOLON
29%
Solar/Białas (2011) Z ostatniej ławki LP
23%
Białas/Kazzam (2010) Zakazane Owoce EP
21%
Solar/Białas (2017) PersEPktywa
20%
Białas/King Tomb (2015) BOOKING Mixtape
19%
Białas (2006) H8ME Mixtape vol. 1
18%
Białas (2007) H8ME Mixtape vol. 2
18%
Białas (2008) H8ME Mixtape vol. 3
18%
Solar/Białas (2011) Z oślej ławki mixtape
17%
Białas (2004) Tętno EP
16%
Solar/Białas (2009) Na Czczo Mixtape
15%
Solar/Białas (2015) Iskry i Klik Klaki
14%
Białas/MMX (2011) Miej Wiarę EP
14%
Solar/Białas (2010) Burza Po Ciszy Mixtape
12%
Solar/Białas (2011) Odliczanie Mixtape
12%
Białas (2009) Nie jestem w 4mie Mixtape
11%
Białas (2008) Love Me Mixtape
10%
Solar/Białas (2012) ToNiePolskeYess Mixtape
9%
Białas (2008) Kiedyś i Teraz Człowieku Mixtape
6%
Nie znaleziono quizów pasujących do podanych kryteriów
Rozkład punktacji
Procent ludzi z każdym wynikiem
Percentyl według liczby udzielonych odpowiedzi
Twoja historia wyników
Nie rozwiązałeś tego quizu